The 4 Best NFL Players on Each Team of All Time - Statistics

General Stats
  • This quiz has been taken 311 times
    279 since last reset
  • The average score is 83 of 128
Answer Stats
Team Pos. Player % Correct
NE QB Tom Brady
96%
DAL RB Emmitt Smith
93%
NE TE Rob Gronkowski
93%
BUF DE Bruce Smith
91%
NYG QB Eli Manning
91%
JAX WR Jimmy Smith
91%
CAR WR Steve Smith
91%
NO QB Archie Manning
90%
IND QB Peyton Manning
90%
MIA QB Dan Marino
89%
HOU WR Andre Johnson
86%
BUF WR Andre Reed
86%
DET WR Calvin Johnson
86%
CIN WR Chad Johnson
86%
BAL S Ed Reed
86%
CLE RB Jim Brown
86%
BAL LB Ray Lewis
86%
LV WR Tim Brown
86%
LV CB Willie Brown
86%
NYG LB Lawrence Taylor
85%
JAX RB Fred Taylor
84%
MIA LB Jason Taylor
84%
GB QB Brett Favre
83%
SF WR Jerry Rice
83%
SF QB Joe Montana
83%
NYJ QB Joe Namath
83%
MIN WR Randy Moss
83%
ATL WR Julio Jones
82%
DAL OG Larry Allen
82%
SEA OT Walter Jones
82%
DET RB Barry Sanders
81%
LAR DE Deacon Jones
81%
ATL CB Deion Sanders
81%
BUF QB Jim Kelly
81%
DEN QB John Elway
81%
LV RB Marcus Allen
81%
SEA QB Russell Wilson
80%
KC TE Tony Gonzalez
80%
CIN WR A.J. Green
79%
CAR QB Cam Newton
79%
WAS CB Darrell Green
79%
ARI S Larry Wilson
79%
NO QB Drew Brees
78%
CLE OT Joe Thomas
78%
PIT QB Terry Bradshaw
78%
HOU DE J.J. Watt
77%
IND WR Marvin Harrison
77%
ATL QB Matt Ryan
77%
SEA RB Marshawn Lynch
75%
BUF RB O.J. Simpson
75%
PHI DE Reggie White
75%
CHI RB Walter Payton
75%
ARI WR Larry Fitzgerald
74%
MIN RB Adrian Peterson
73%
LAC RB LaDainian Tomlinson
73%
PHI QB Donovan McNabb
71%
TEN QB Warren Moon
71%
GB QB Bart Starr
70%
NYJ CB Darrelle Revis
70%
DAL QB Roger Staubach
70%
LAR RB Eric Dickerson
69%
ARI QB Kurt Warner
69%
PIT DT Mean Joe Greene
69%
IND QB Johnny Unitas
68%
PHI S Brian Dawkins
67%
HOU WR DeAndre Hopkins
67%
CAR LB Luke Kuechly
66%
NYG DE Michael Strahan
66%
CIN OT Anthony Munoz
65%
LAR RB Marshall Faulk
65%
DEN RB Terrell Davis
65%
MIN QB Fran Tarkenton
64%
CLE QB Otto Graham
64%
SEA WR Steve Largent
64%
SF S Ronnie Lott
63%
DEN TE Shannon Sharpe
62%
SF WR Terrell Owens
61%
TEN QB Steve McNair
60%
NYJ RB Curtis Martin
59%
ATL QB Michael Vick
58%
NYG QB Phil Simms
58%
NE CB Ty Law
58%
TEN OG Bruce Matthews
57%
CHI LB Dick Butkus
56%
TEN RB Earl Campbell
56%
HOU RB Arian Foster
55%
CAR DE Julius Peppers
55%
KC QB Len Dawson
55%
BAL LB Terrell Suggs
55%
LAR WR Isaac Bruce
54%
TB DT Warren Sapp
54%
DET QB Bobby Layne
53%
TB LB Derrick Brooks
53%
DEN CB Champ Bailey
52%
LAC LB Junior Seau
52%
LAC TE Kellen Winslow
52%
ARI CB Aeneas Williams
51%
CHI LB Mike Singletary
51%
MIN DT Alan Page
50%
DET CB Dick 'Night Train' Lane
50%
CHI RB Gale Sayers
50%
BAL OT Jonathan Ogden
50%
PIT LB Jack Lambert
48%
JAX RB Maurice Jones-Drew
48%
PIT CB Mel Blount
48%
TB CB Ronde Barber
48%
MIA RB Larry Csonka
47%
NO LB Rickey Jackson
47%
GB WR Don Hutson
46%
WAS QB Sammy Baugh
46%
WAS RB John Riggins
44%
CIN RB Corey Dillon
41%
NE OG John Hannah
41%
WAS WR Art Monk
38%
LAC WR Lance Alworth
38%
NO WR Marques Colston
37%
LV OG Gene Upshaw
35%
DAL DT Bob Lilly
32%
GB LB Ray Nitschke
30%
KC LB Bobby Bell
29%
PHI LB Chuck Bednarik
29%
TB DE Lee Roy Selmon
28%
KC LB Willie Lanier
27%
JAX OT Tony Boselli
25%
NYJ DE Mark Gastineau
23%
CLE WR Paul Warfield
22%
IND DE Gino Marchetti
17%
MIA OG Larry Little
16%
No matching quizzes found
Score Distribution
Percent of People with Each Score
Percentile by Number Answered
Your Score History
You have not taken this quiz since the last reset